| 000 | 01013nam a2200289 i 4500 | ||
|---|---|---|---|
| 001 | 66353 | ||
| 003 | ES-MaACL | ||
| 005 | 20240224063104.0 | ||
| 007 | t| | ||
| 008 | 960807s1995 sp ||||0| spa d | ||
| 020 | _a84-8136-012-0 | ||
| 040 |
_aM-BN _bspa _cM-BN |
||
| 080 | _a327.5(569.4)"1973/..." | ||
| 080 | _a32(5-011) | ||
| 100 | 0 |
_aSaid, Edward W., _d1935-2003 _9101485 |
|
| 245 | 1 | 0 |
_aGaza-Jericó _b: pax americana / _cEdward W. Said ; presentación y notas, Carlos Varea ; traducción, Javier Barreda, Francisco Rodríguez Sierra ; traducción anexo, Beatriz Morales. |
| 260 |
_aTafalla : _bTxalaparta, _c1995. |
||
| 300 |
_a191 p ; _c22 cm. |
||
| 650 | 1 | 4 |
_aConflicto árabe-israelí. _911266 |
| 651 | 4 |
_aOriente medio- _xPolítica y gobierno. _99138 |
|
| 700 | 1 |
_aVarea, Carlos. _9113124 |
|
| 700 | 1 |
_aBarreda, Javier. _925881 |
|
| 700 | 1 |
_aRodríguez Sierra, Francisco. _998824 |
|
| 852 |
_aES-MaACL _jL-26828 _bR.132426 |
||
| 999 |
_c66353 _d66353 |
||